Soft target : (Record no. 542570)

000 -LEADER
fixed length control field 00827cam a2200229 a 4500
020 ## - INTERNATIONAL STANDARD BOOK NUMBER
International Standard Book Number 1550282212 (pbk.)
020 ## - INTERNATIONAL STANDARD BOOK NUMBER
International Standard Book Number 1550282239
082 00 - DEWEY DECIMAL CLASSIFICATION NUMBER
Classification number 327.20954
Author Mark KAS
-- D
100 1# - MAIN ENTRY--PERSONAL NAME
Personal name Kashmeri, Zuhair.
9 (RLIN) 37785
245 10 - TITLE STATEMENT
Title Soft target :
Remainder of title how the Indian intelligence service penetrated Canada /
Statement of responsibility, etc. Zuhair Kashmeri and Brian McAndrew.
260 ## - PUBLICATION, DISTRIBUTION, ETC.
Place of publication, distribution, etc. Toronto :
Name of publisher, distributor, etc. J. Lorimer,
Date of publication, distribution, etc. 1989.
300 ## - PHYSICAL DESCRIPTION
Extent xiv, 162 p., [8] p. of plates :
Other physical details ill. ;
Dimensions 24 cm.
526 ## - STUDY PROGRAM INFORMATION NOTE
Program name 0
Interest level 0
Reading level 0
Title point value 327_209540000000000_KAS
526 ## - STUDY PROGRAM INFORMATION NOTE
Program name 0
Interest level 0
Reading level 0
Title point value 327_209540000000000_KAS
650 #0 - SUBJECT ADDED ENTRY--TOPICAL TERM
Topical term or geographic name entry element Aircraft accidents
Geographic subdivision Canada.
9 (RLIN) 37786
650 #0 - SUBJECT ADDED ENTRY--TOPICAL TERM
Topical term or geographic name entry element Bombings
Geographic subdivision Canada
General subdivision History
9 (RLIN) 37787
650 #0 - SUBJECT ADDED ENTRY--TOPICAL TERM
Topical term or geographic name entry element MCE
9 (RLIN) 379
650 #0 - SUBJECT ADDED ENTRY--TOPICAL TERM
Topical term or geographic name entry element Sikhs
Geographic subdivision Canada
General subdivision Politics and government.
9 (RLIN) 37788
650 #0 - SUBJECT ADDED ENTRY--TOPICAL TERM
Topical term or geographic name entry element Terrorism
Geographic subdivision Canada
General subdivision History
9 (RLIN) 37789
700 1# - ADDED ENTRY--PERSONAL NAME
Personal name McAndrew, Brian.
9 (RLIN) 37790
942 ## - ADDED ENTRY ELEMENTS (KOHA)
Source of classification or shelving scheme
Koha item type Book
Holdings
Withdrawn status Lost status Source of classification or shelving scheme Damaged status Not for loan Permanent Location Current Location Date acquired Total Checkouts Full call number Barcode Date last seen Price effective from Koha item type
          Military College of Engineering (MCE) Military College of Engineering (MCE) 02/03/2014   327.20954 KAS MCE-40844 02/03/2014 02/03/2014 Book
          Military College of Engineering (MCE) Military College of Engineering (MCE) 02/03/2014   327.20954 KAS MCE-29372 02/03/2014 02/03/2014 Book
© 2023 Central Library, National University of Sciences and Technology. All Rights Reserved.